000 01149nam a22003377a 4500
001 BR2011002575
003 BR-BrBNA
005 20230928103635.0
007 ta
008 230509b bl.||||| |||| 00| 0 por d
040 _aBR-BrBNA
_bpor
_cBiblioteca Nacional de Agricultura
041 _a(Por)
072 _aP10; E14
090 _ P10 BR2011002575
100 1 _aCosta, S.L.C.
110 1 _aGoverno do Estado do Ceará, Fortaleza (Brasil). Secretaria dos Recursos Hídricos
245 1 _aBarragens sucessivas de contenção de sedimentos e seus impactos hidroambientais no microbacia do rio Cangati, vanindé-CE; v. 5
_bSérie:Tecnologias e Práticas Hidroambientais para Convivência com o Semiárido
260 3 _aFortaleza, CE (Brasil):
_c2010 .
300 _a122 p.
500 _aBibliography p. 100-105; 7 tables; 45 illus.
650 _aMICROBACIA
650 _aBARRAGEM
650 _aMEIO AMBIENTE
650 _aAGRICULTURA DE SUBSISTÊNCIA
650 _aPROJETO DE DESENVOLVIMENTO
650 _aIMPACTO AMBIENTAL
650 _aSEDIMENTO
650 _aCEARÁ
909 _a202309
_bLucia
_c55
_dLucia Elande
942 _cBK
999 _c75923
_d75923